000 00282nam a2200121Ia 4500
999 _c14213
_d14213
008 260210s9999 xx 000 0 und d
020 _a9791189659240
082 _a725.8
100 _aArchilab
245 0 _aNeighborhood Facility Vol 4
260 _bArchilab
942 _cBPLAN
_2ddc